The Power of Your Subconscious Mind/ (Record no. 206349)

MARC details
000 -LEADER
fixed length control field 00533nam a22001817a 4500
005 - DATE AND TIME OF LATEST TRANSACTION
control field 20241011160224.0
010 ## - LCCN (DPL NO)
LC control number ENG-142121
020 ## - INTERNATIONAL STANDARD BOOK NUMBER
Terms of availability 350.00
International Standard Book Number 9789357943178
035 ## - SYSTEM CONTROL NUMBER
System control number EN-125653
037 ## - SOURCE OF ACQUISITION
Source of stock number/acquisition DBAD
082 ## - DEWEY DECIMAL CLASSIFICATION NUMBER
Classification number 158.1
100 ## - MAIN ENTRY--PERSONAL NAME
Personal name Murphy, Joseph
245 ## - TITLE STATEMENT
Title The Power of Your Subconscious Mind/
Statement of responsibility, etc By Joseph Murphy
260 ## - PUBLICATION, DISTRIBUTION, ETC. (IMPRINT)
Place of publication, distribution, etc New Delhi
Name of publisher, distributor, etc V&S Publishers
Date of publication, distribution, etc 2024
270 ## - ADDRESS
Address F-2/16, Ansari Road, Daryaganj
City New Delhi
Postal code 110002
300 ## - PHYSICAL DESCRIPTION
Extent 196p.
Dimensions 21cm(pb)
942 ## - ADDED ENTRY ELEMENTS (KOHA)
Source of classification or shelving scheme Dewey Decimal Classification
Item type English Books
Classification part 158.1
Call number suffix MUR
Holdings
Withdrawn status Lost status Not for loan Collection code Home library Current library Date acquired Source of acquisition Cost, normal purchase price Full call number Barcode Copy number Cost, replacement price Koha item type
      Non-fiction Sarojini Nagar Sarojini Nagar 11/10/2024 Delivery of Books Act Division 350.00 158.1 MUR EN-125653 1 350.00 English Books

© Delhi Public Library
Hit Counter
free hit counter